Metody umělé inteligence a expertní systémy 2

Salvato in:
Dettagli Bibliografici
Natura: Libro
Lingua:ceco
Pubblicazione: Praha Československá vědecko-technická společnost 1985
Edizione:1. vyd.
Tags: Aggiungi Tag
Nessun Tag, puoi essere il primo ad aggiungerne!!

MARC

LEADER 00000nam a2200000 4500
001 c028703
005 20221220081956.6
041 0 |a cze 
044 |a CZ 
245 1 0 |a Metody umělé inteligence a expertní systémy 2 
250 |a 1. vyd. 
264 1 |a Praha  |b Československá vědecko-technická společnost  |c 1985 
300 |a 220 s.